Ökonomische Auswirkungen von Nahrungsmittelsanktionen

Gespeichert in:
Bibliographische Detailangaben
1. Verfasser: Herrmann, Roland
Format: Buch
Sprache:Deutsch
Veröffentlicht: Kiel Institut für Weltwirtschaft 1987
Schriftenreihe:Arbeitspapier Nr. 296
Tags: Tag hinzufügen
Keine Tags, Fügen Sie das erste Tag hinzu!

MARC

LEADER 00000nam a2200000 4500
001 c111137
005 20181203150319.2
041 0 |a ger 
044 |a DE 
245 1 0 |a Ökonomische Auswirkungen von Nahrungsmittelsanktionen  |c Roland Herrmann 
264 1 |a Kiel  |b Institut für Weltwirtschaft  |c 1987 
300 |a 30 s. 
490 1 |a Arbeitspapier  |v Nr. 296 
830 0 |a Arbeitspapier  |v Nr. 296 
100 1 |a Herrmann, Roland